Loading...
Fine Arts - Visual Fine Arts | 0 | 5 | 1 | 0 | 45 | 83 | 105.60 | 0 | 3 |
Literature - European Literature | 0 | 3 | 0 | 0 | 30 | 104 | 108.67 | 0 | 1 |
Fine Arts - Other Fine Arts | 0 | 3 | 0 | 0 | 30 | 112 | 120.00 | 0 | 0 |
History - Other History | 0 | 3 | 1 | 1 | 25 | 18 | 66.67 | 1 | 2 |
Geography/Current Events | 0 | 3 | 1 | 0 | 25 | 52 | 61.33 | 2 | 3 |
History - World History | 0 | 3 | 1 | 0 | 25 | 82 | 98.33 | 0 | 1 |
Literature - British Literature | 0 | 2 | 0 | 1 | 20 | 128 | 128.50 | 0 | 0 |
Religion | 0 | 3 | 2 | 1 | 20 | 88 | 106.67 | 0 | 1 |
Mythology | 0 | 1 | 0 | 0 | 10 | 104 | 104.00 | 0 | 0 |
Literature - World/Other Literature | 0 | 1 | 1 | 1 | 5 | 141 | 141.00 | 0 | 0 |
History - European History | 0 | 2 | 3 | 1 | 5 | 94 | 113.00 | 0 | 0 |
Philosophy | 0 | 1 | 1 | 0 | 5 | 106 | 106.00 | 0 | 0 |
Pop Culture | 0 | 1 | 1 | 0 | 5 | 91 | 91.00 | 0 | 1 |
Science - Other Science | 0 | 1 | 2 | 0 | 0 | 60 | 60.00 | 1 | 1 |
Social Science | 0 | 0 | 0 | 0 | 0 | 0.00 | 0 | 0 | |
Other Academic | 0 | 0 | 1 | 0 | -5 | 0.00 | 0 | 0 |